Cadangan fee profesional untuk kerja-kerja teknikal JPPH

Bibliographic Details
Main Author: Che Muhammad Hariri b. Dahalan
Corporate Author: INSPEN
Other Authors: Shanti Rani
Format: Book
Subjects:
Online Access:http://app.inspen.gov.my:7779/pls/portal/docs/PAGE/CORPORATEPAGES/PORTAL_INSPEN/LAPORAN_PENYELIDIKAN_DI_PERPUSTAKAAN/JF.PDF

MARC

LEADER 00000cam a2200000 7i4500
001 0000007420
005 20071030.0
040 |a INS 
090 0 0 |a RESEARCH 103 
100 0 |a Che Muhammad Hariri b. Dahalan 
245 1 0 |a Cadangan fee profesional untuk kerja-kerja teknikal JPPH   |c disediakan oleh Che Muhammad Hariri b. Dahalan dan Shanti Rani 
300 |c 30cm. 
500 |a Digital document is available on-line; Please click the URL below 
650 0 0 |a Professional fees 
700 0 |a Shanti Rani 
710 2 |a INSPEN 
856 |u http://app.inspen.gov.my:7779/pls/portal/docs/PAGE/CORPORATEPAGES/PORTAL_INSPEN/LAPORAN_PENYELIDIKAN_DI_PERPUSTAKAAN/JF.PDF 
999 |a RES0000173   |b BOOK   |c Research By JPPH Staff   |e Default branch